Simulation of crosslink and graft mechanism of hydrogenated-NBR/zinc di-methacrylate composites by moving die rheometer (Record no. 68729)

MARC details
000 -LEADER
fixed length control field 00545nam a2200193Ia 4500
100 ## - MAIN ENTRY--AUTHOR NAME
Personal name Sato T
245 #0 - TITLE STATEMENT
Title Simulation of crosslink and graft mechanism of hydrogenated-NBR/zinc di-methacrylate composites by moving die rheometer
260 ## - PUBLICATION, DISTRIBUTION, ETC. (IMPRINT)
Name of publisher Rubber Chemistry and Technology
Year of publication 2002
300 ## - PHYSICAL DESCRIPTION
Number of Pages 943-954
650 ## - SUBJECT ADDED ENTRY--TOPICAL TERM
Topical Term Crosslink
650 ## - SUBJECT ADDED ENTRY--TOPICAL TERM
Topical Term Graft mechanism
650 ## - SUBJECT ADDED ENTRY--TOPICAL TERM
Topical Term Rheometer
700 ## - ADDED ENTRY--PERSONAL NAME
Personal name Fujino A
700 ## - ADDED ENTRY--PERSONAL NAME
Personal name Hayashi S
700 ## - ADDED ENTRY--PERSONAL NAME
Personal name Ono K
700 ## - ADDED ENTRY--PERSONAL NAME
Personal name Oyama M
942 ## - ADDED ENTRY ELEMENTS (KOHA)
Koha item type Journals
Holdings
Withdrawn status Lost status Damaged status Not for loan Home library Current library Shelving location Date acquired Serial Enumeration / chronology Koha item type
      Journals RRII Library RRII Library Rubber chemistry 20/03/2003 Volume 75, Issue 5 Journals